000 01518cam a2200349 a 4500
999 _c24311
_d24311
001 15323801
003 OSt
005 20170128105828.0
008 080610s2008 enka b 001 0 eng
010 _a 2008025887
020 _a9780754640738 (hardcover : alk. paper)
020 _a0754640736 (hardcover : alk. paper)
035 _a(OCoLC)232358088
035 _a(OCoLC)ocn232358088
040 _aDLC
_cDLC
_dBTCTA
_dBAKER
_dBWKUK
_dBWK
_dNLGGC
_dYDXCP
_dBWX
_dCDX
_dIXA
_dDLC
050 0 0 _aNX220
_b.V35 2008
082 0 0 _a700.1
_222
084 _a20.02
_2bcl
100 1 _aVall, Renée van de,
_d1956-
245 1 0 _aAt the edges of vision :
_ba phenomenological aesthetics of contemporary spectatorship /
_cRenée van de Vall.
260 _aAldershot, England ;
_aBurlington, VT :
_bAshgate,
_cc2008.
300 _ax, 179 p. :
_bill. ;
_c25 cm.
440 0 _aHistories of vision
504 _aIncludes bibliographical references (p. [169]-174) and index.
650 0 _aArts audiences
_xPsychology.
650 0 _aArt appreciation.
650 0 _aVisual communication.
650 0 _aAesthetics.
856 4 1 _3Table of contents only
_uhttp://www.loc.gov/catdir/toc/ecip0821/2008025887.html
906 _a7
_bcbc
_corignew
_d1
_eecip
_f20
_gy-gencatlg
942 _2lcc
_cBOOKS
_hNX 220 .V35 2008